Monitoring and manipulation of the microbial community in an intensive artemia culture : Thesis submitted in partial fulfillment of requirements for the academic degree of master of science in aquaculture

में बचाया:
ग्रंथसूची विवरण
मुख्य लेखक: Van, Nguyen Thi Hong
स्वरूप: पुस्तक
भाषा:Undetermined
प्रकाशित: Netherlands University of Gent 1996
विषय:
टैग : टैग जोड़ें
कोई टैग नहीं, इस रिकॉर्ड को टैग करने वाले पहले व्यक्ति बनें!
Thư viện lưu trữ: Trung tâm Học liệu Trường Đại học Cần Thơ
LEADER 00710nam a2200193Ia 4500
001 CTU_161713
008 210402s9999 xx 000 0 und d
082 |a 639.8 
082 |b H431 
100 |a Van, Nguyen Thi Hong 
245 0 |a Monitoring and manipulation of the microbial community in an intensive artemia culture : 
245 0 |b Thesis submitted in partial fulfillment of requirements for the academic degree of master of science in aquaculture 
245 0 |c Van Nguyen Thi Hong 
260 |a Netherlands 
260 |b University of Gent 
260 |c 1996 
650 |a Aquaculture,Nuôi trồng thủy sản 
904 |i Trọng Hải 
980 |a Trung tâm Học liệu Trường Đại học Cần Thơ